| 000 | 00540nam a22001937a 4500 | ||
|---|---|---|---|
| 003 | CEME | ||
| 005 | 20210628202512.0 | ||
| 008 | 210122b xxu||||| |||| 00| 0 eng d | ||
| 020 | _a0-12-656153-2 | ||
| 040 | _c. | ||
| 082 | _a621.042 SOR | ||
| 100 |
_aSorensen, Bent _960190 |
||
| 245 | _aRenewable energy its physics, engineering, use, environmental impacts, economy and planning aspects | ||
| 250 | _a3RD | ||
| 260 |
_aNEW YORK _bELSEVIER _c2004 |
||
| 300 | _aXVIII,928 P | ||
| 650 |
_aRENEWABLE ENERGY. _960191 |
||
| 942 |
_cBK _2ddc |
||
| 999 |
_c569985 _d569985 |
||